Welcome to the Holygrace Academy Library

Please use search bar below to get started

CHRISTMAS CHAOS (Record no. 6481)

MARC details
000 -LEADER
fixed length control field 00596nam a22001457a 4500
020 ## - INTERNATIONAL STANDARD BOOK NUMBER
ISBN 978-0-141-32724-2
082 ## - DEWEY DECIMAL CLASSIFICATION NUMBER
Classification number 823
Item number STR/C
100 ## - MAIN ENTRY--AUTHOR NAME
Personal name STRONG, STRONG
245 ## - TITLE STATEMENT
Title CHRISTMAS CHAOS
Remainder of title for the hundred mile an hour dog
260 ## - PUBLICATION, DISTRIBUTION, ETC. (IMPRINT)
Place of publication NEW YORK
Name of publisher PUFFIN BOOKS
Year of publication 2009
300 ## - PHYSICAL DESCRIPTION
Number of Pages 133
520 ## - SUMMARY, ETC.
Summary, etc The story focuses on these poor but dedicated thespians doing their best while chaos is all around them. This fast-paced play is a hilarious backstage comedy that pokes fun at the classic novel and everything that can go wrong with a theatrical production.
650 ## - SUBJECT ADDED ENTRY--TOPICAL TERM
Topical Term short story
942 ## - ADDED ENTRY ELEMENTS (KOHA)
Koha item type Books
Holdings
Withdrawn status Lost status Collection code Home library Current library Shelving location Date acquired Source of acquisition Full call number Accession Number Koha item type
    Fiction Main Library Main Library SHELF 15-K-CHILDREN'S STORYBOOKS 01/02/2019 purchase 823 STR/C 10941 Books